000 00681nam a2200193 a 4500
003 0
005 20250303133154.0
008 120724s19uu xx 00 eng d
050 _aPGS BF 723.S3.H35
_b.P462 2012
100 _aPerry, Olivia Batula.
245 _aHair lengths and self-esteem /
_cOlivia Batula Perry.
260 _aLas PiƱas City, Philippines :
_bSouthville International School and Colleges,
_c2012.
300 _a22 pages :
_billustrations ;
_c28 cm.
504 _aIncludes bibliographical references.
650 _aSelf esteem in children.
650 _aHair
_vPsychological aspects.
650 _aPersonal appearance
_vSelf-perception.
942 _2lcc
_cPASS
999 _c98811
_d98811